000 00747nam a2200277Ia 4500
003 OSt
005 20221005090333.0
006 a|||||r|||| 00| 0
007 ta
008 221004b |||||||| |||| 00| 0 eng d
020 _a0582284856
024 _a17524
037 _cTextual
040 _aCRL
_cCRL
_beng
041 _2eng
_aeng
082 _aSigma:f, M5
100 _aAdams Gerald R
_97514
245 0 _aUnderstanding research methods
260 _aNew York
_bLongman USA
_c1985
300 _ax,416p
_ccm.
650 _a RESEARCH METHODS
650 _aSOCIAL SCIENCES
700 _a Schvaneveldt Jay D
_97515
942 _hSigma:f, M5
_cTEXL
_2cc
999 _c995637
_d995637